000 00872nam a22002177a 4500
999 _c18429
_d18429
003 AR-CdUCM
008 190514b ||||| |||| 00| 0 spa d
040 _aMUNICIPALIDAD PROVINCIAL DEL CUSCO
_cBIBLIOTECA MUNICIPAL DEL CUSCO
082 _a379.914 /
_bJ73
100 _aJordan, Dale R.
_939010
245 _aLa dislexia en el aula /
260 _aBuenos Aires :
_bPaidos,
_c1975.
300 _a198 páginas ;
_c21 cm.
505 _aContenido: Los tres rostros de la dislexia -- La dislexia visual en el aula -- La dislexia auditiva en el aula -- La disgrafia en el aula -- Corrección de la dislexia visual en el aula...
650 _aDislexia
_939011
650 _aEnseñanza correctiva
_939012
710 _aCentro regional de ayuda técnica
_910048
710 _aAgencia para el desarrollo internacional
_936061
942 _2ddc
_cLIBROS
945 _aacv
_d2019-05-14